000 01515nam a22003373i 4500
001 EBC32003662
003 MiAaPQ
005 20251106164103.0
007 cr cnu||||||||
008 251106s2025 xx o ||||0 eng d
020 _a9781954600362
_q(electronic bk.)
020 _z9781954600959
040 _aMiAaPQ
_beng
_cMiAaPQ
100 1 _aAbdullah, Hadi.
_967525
245 1 0 _aCritical Conditions :
_bMy Diary of the Syrian Revolution.
250 _a1st ed.
264 1 _aLa Vergne :
_bDoppelHouse Press,
_c2025.
264 4 _c©2025.
300 _a1 online resource (249 pages)
336 _aText
_btxt
_2rdacontent
337 _aComputermedien
_bc
_2rdamedia
338 _aOnline Resource
_bcr
_2rdacarrier
500 _aE-Book-ProQuest / Fernzugriff nach Registrierung möglich
520 _aAs seen and heard on 60 Minutes , This American Life , and in The New York Times -- a frontline eyewitness account of the Syrian Revolution from prizewinning journalist and activist Hadi Abdullah."This is Hadi al-Abdullah.A few years ago, he was studying to be a nurse.But when war broke out in Syria, he took a different path.
655 _aFernzugriff
_9230
655 4 _aElectronic books.
700 1 _aColumbu, Alessandro.
_967526
776 0 8 _iPrint version:
_aAbdullah, Hadi
_tCritical Conditions
_dLa Vergne : DoppelHouse Press,c2025
_z9781954600959
856 4 0 _uhttps://ebookcentral.proquest.com/lib/maxweberstiftung-ebooks/detail.action?docID=32003662
_zVolltext
942 _cEB
999 _c73126
_d73126